Wrestlers by Picture 25: World Class Championship Wrestling - Statistics

General Stats
  • This quiz has been taken 33 times
  • The average score is 10 of 16
Answer Stats
Picture Answer % Correct
One Man Gang
94%
Bruiser Brody
87%
Kerry Von Erich
87%
Michael Hayes
87%
Kevin Von Erich
84%
Mike Von Erich
81%
Terry "Bam Bam" Gordy
77%
Fritz Von Erich
74%
David Von Erich
65%
The Great Kabuki
58%
The Missing Link
58%
Gino Hernandez
48%
Chris Adams
45%
Buddy Roberts
29%
"Iceman" King Parsons
26%
Jose Lothario
13%
No matching quizzes found
Score Distribution
Percent of People with Each Score
Percentile by Number Answered
Your Score History
You have not taken this quiz